Southville International School and Colleges
Your cart is empty.
  • Cart
  • Lists
    Public lists Eva Luna New books Lux_list list_1
    Your lists Log in to create your own lists
  • Log in to your account
  • Your cookies
  • Search history
Southville International School and Colleges
  • Advanced search
  • Recent comments
  • Most popular
  • Libraries

Log in to your account

Log in with GOOGLE


If you do not have an external account, but do have a local account, you can still log in:

  1. Home
  2. MARC view: Essential TORT /
Normal view MARC view ISBD view

Essential TORT / (Record no. 14944)

[ view plain ]
MARC details
000 -LEADER
fixed length control field 00484nam a22001817a 4500
003 - CONTROL NUMBER IDENTIFIER
control field PILC
005 - DATE AND TIME OF LATEST TRANSACTION
control field 20150112093447.0
008 - FIXED-LENGTH DATA ELEMENTS--GENERAL INFORMATION
fixed length control field 131011t xxu||||| |||| 00| 0 eng d
020 ## - INTERNATIONAL STANDARD BOOK NUMBER
International Standard Book Number 185941365X
050 ## - LIBRARY OF CONGRESS CALL NUMBER
Classification number KD 2079
Item number .Ow97 1997
082 ## - DEWEY DECIMAL CLASSIFICATION NUMBER
Classification number G 364.2
Item number 0w25 1997
100 ## - MAIN ENTRY--PERSONAL NAME
Personal name Owen, Richard
9 (RLIN) 28079
245 ## - TITLE STATEMENT
Title Essential TORT /
Statement of responsibility, etc Richard Owen
250 ## - EDITION STATEMENT
Edition statement 2nd ed.
260 ## - PUBLICATION, DISTRIBUTION, ETC. (IMPRINT)
Place of publication, distribution, etc Great Britain ;
Name of publisher, distributor, etc Cavendish Publishing ,
Date of publication, distribution, etc 1997.
300 ## - PHYSICAL DESCRIPTION
Extent 179 pages :
Dimensions 19 cm.
942 ## - ADDED ENTRY ELEMENTS (KOHA)
Source of classification or shelving scheme Library of Congress Classification
Koha item type Books
Holdings
Withdrawn status Lost status Source of classification or shelving scheme Damaged status Home library Current library Shelving location Date acquired Total Checkouts Total Renewals Full call number Barcode Date last seen Date checked out Copy number Price effective from Koha item type
    Library of Congress Classification   Southville International School Affiliated with Foreign Universities Library Southville International School Affiliated with Foreign Universities Library Southville Foreign University Section 10/11/2013 1 3 KD 2079 .Ow97 1997 SFU1718 05/15/2018 09/04/2014 1 10/11/2013 Books

Essential TORT /

APA

Owen R., . (1997). Essential TORT. Great Britain: Cavendish Publishing.

Chicago

Owen Richard, . 1997. Essential TORT. Great Britain: Cavendish Publishing.

Harvard

Owen R., . (1997). Essential TORT. Great Britain: Cavendish Publishing.

MLA

Owen Richard, . Essential TORT. Great Britain: Cavendish Publishing. 1997.

  • Place hold
  • Print
  • Cite
  • Add to your cart (remove)
  • Save record
    BIBTEX Dublin Core MARCXML MARC (non-Unicode/MARC-8) MARC (Unicode/UTF-8) MARC (Unicode/UTF-8, Standard) MODS (XML) RIS
  • More searches
    Search for this title in:
    Other Libraries (WorldCat) Other Databases (Google Scholar) Online Stores (Bookfinder.com) Open Library (openlibrary.org)

Exporting to Dublin Core...

SOUTHVILLE LIBRARY

Southville International School and Colleges Library

1281 Tropical Ave. Cor. Luxembourg St., BF Homes International, Las Pinas City

Tel. No. 8256374 / 252358 Loc. 117/146

Powered by Koha